ARRUPE JESUIT UNIVERSITY

CORONAVIRUS -STOP THE SPREAD - CLEAN,DISINFECT,COVER

Finding a spiritual friend : (Record no. 126775)

MARC details
000 -LEADER
fixed length control field 00934pam a2200241 a 4500
001 - CONTROL NUMBER
control field 4035131
003 - CONTROL NUMBER IDENTIFIER
control field ARRUPE
005 - DATE AND TIME OF LATEST TRANSACTION
control field 20170825090845.0
008 - FIXED-LENGTH DATA ELEMENTS--GENERAL INFORMATION
fixed length control field 980805s1998 tnu b 000 0 eng
010 ## - LIBRARY OF CONGRESS CONTROL NUMBER
LC control number 98038840
020 ## - INTERNATIONAL STANDARD BOOK NUMBER
International Standard Book Number 0835808572 (pbk.)
040 ## - CATALOGING SOURCE
Original cataloging agency DLC
Transcribing agency DLC
Modifying agency DLC
050 00 - LIBRARY OF CONGRESS CALL NUMBER
Classification number BV4647.F7
Item number J65 1998
082 00 - DEWEY DECIMAL CLASSIFICATION NUMBER
Classification number 248.4/6
Edition number 21
300 ## - PHYSICAL DESCRIPTION
Dimensions 20 cm.
100 1# - MAIN ENTRY--PERSONAL NAME
Personal name Jones, Timothy K.,
Dates associated with a name 1955-
9 (RLIN) 35228
245 10 - TITLE STATEMENT
Title Finding a spiritual friend :
Remainder of title how friends and mentors can make your faith grow /
Statement of responsibility, etc Timothy Jones.
260 ## - PUBLICATION, DISTRIBUTION, ETC. (IMPRINT)
Place of publication, distribution, etc United States :
Name of publisher, distributor, etc Upper Room Books,
Date of publication, distribution, etc c1998.
300 ## - PHYSICAL DESCRIPTION
Extent 158 p. ;
504 ## - BIBLIOGRAPHY, ETC. NOTE
Bibliography, etc Includes bibliographical references (p. 141-143).
650 #0 - SUBJECT ADDED ENTRY--TOPICAL TERM
Topical term or geographic name as entry element Friendship
General subdivision Religious aspects
-- Christianity.
9 (RLIN) 35229
906 ## - LOCAL DATA ELEMENT F, LDF (RLIN)
a 7
b cbc
c orignew
d 1
e ocip
f 19
g y-gencatlg
942 ## - ADDED ENTRY ELEMENTS (KOHA)
Source of classification or shelving scheme Library of Congress Classification
Koha item type Monograph ( Printed materials)
Holdings
Withdrawn status Lost status Source of classification or shelving scheme Damaged status Not for loan Collection code Home library Current library Shelving location Date acquired Total Checkouts Total Renewals Full call number Barcode Date last seen Date checked out Price effective from Koha item type
    Library of Congress Classification     Main Collection ARRUPE LIBRARY ARRUPE LIBRARY Main Collection 25/08/2017 5 1 BV4647.F7 J65 1998 46500023469 27/03/2024 08/03/2024 25/08/2017 Monograph ( Printed materials)

 

Arrupe Library. PO Box MP320 Mt Pleasant, Harare, Zimbabwe
263 242 745411|librarian@aju.ac.zw